| 000 | 00701nam a2200217Ia 4500 | ||
|---|---|---|---|
| 005 | 20241129104325.0 | ||
| 008 | 241129s9999||||xx |||||||||||||| ||und|| | ||
| 020 | _a9789356400511 | ||
| 037 | _aTextual | ||
| 040 |
_aRTL _beng _cRTL |
||
| 041 |
_aeng _2eng |
||
| 084 |
_aU475:(Y:1) P5;Q5 _qRTL |
||
| 100 |
_aAtkinson David; Jackson Peter; Sibley David _9725766 |
||
| 245 | 0 |
_aCultural geography: A critical dictionary of key concepts _cAtkinson David; Jackson Peter; Sibley David |
|
| 260 |
_aNew Delhi _bBloomsbury _c2015 |
||
| 300 | _axviii,222p. | ||
| 365 |
_aINR _b1199 |
||
| 650 |
_aCultural Geography _9262175 |
||
| 942 |
_cTB _hU475:(Y:1) P5;Q5 |
||
| 999 |
_c1225398 _d1225398 |
||